Aktuálny pohľad na problémy nezamestnanosti v SR Príloha HN

Vzhľadom na súčasné podmienky rozvoja národného hospodárstva Slovenska miera nezamestnanosti neklesla pod 10 perc. Jej úroveň dosahuje 12,8 perc. Vývoj nezamestnaných podľa vekových skupín, vzdelania, pohlavia. Stav nezamestnaných podľa dĺžky trvania nezamestnanosti.

Enregistré dans:
Détails bibliographiques
Auteur principal: Oberhauser, Ján Artur
Format: Chapitre de livre
Langue:slovaque
Sujets:
Tags: Ajouter un tag
Pas de tags, Soyez le premier à ajouter un tag!

MARC

LEADER 00000naa a2200000 4500
001 r027691
005 20230824091156.4
041 0 |a slo 
044 |a SK 
245 1 0 |a Aktuálny pohľad na problémy nezamestnanosti v SR  |b Príloha HN  |c Ján Artur Oberhauser 
520 |a Vzhľadom na súčasné podmienky rozvoja národného hospodárstva Slovenska miera nezamestnanosti neklesla pod 10 perc. Jej úroveň dosahuje 12,8 perc. Vývoj nezamestnaných podľa vekových skupín, vzdelania, pohlavia. Stav nezamestnaných podľa dĺžky trvania nezamestnanosti. 
610 2 0 |a nezamestnanosť 
610 2 0 |a Slovensko 
610 2 0 |a miera nezamestnanosti 
610 2 0 |a január-jún 
610 2 0 |a 1997 
610 2 0 |a vek 
610 2 0 |a vzdelanie 
610 2 0 |a pomer pracovný 
610 2 0 |a ženy 
610 2 0 |a údaje štatistické 
100 1 |a Oberhauser, Ján Artur